00241nam a2200109Ia 4500008004100000100001100041245002000052260002200072650001300094942000700107999001700114190216s9999||||xx |||||||||||||| ||und|| aTagore 0aKatharethnangal bSahithya Accadamy aKathakal cBK c30268d30268